| 000 | 00663cam a22002293a 4500 | ||
|---|---|---|---|
| 001 | 26175 | ||
| 003 | PGUSA | ||
| 005 | 20140828083549.0 | ||
| 008 | 080802s2008||||xxu|||||s|||||000 | eng d | ||
| 040 |
_aPGUSA _beng |
||
| 042 | _adc | ||
| 050 | 4 | _aPS | |
| 100 | 1 |
_aOld Sleuth, _d1837-1898 |
|
| 245 | 1 | 2 |
_aA Successful Shadow; Or, A Detective's Successful Quest _h[electronic resource] / _cOld Sleuth |
| 260 |
_bProject Gutenberg, _c2008 |
||
| 506 | _aPublic domain in the USA. | ||
| 516 | _aElectronic text | ||
| 653 | _aDetective and mystery stories | ||
| 830 | 0 |
_aProject Gutenberg _v26175 |
|
| 856 | 4 | 0 | _uhttp://www.gutenberg.org/ebooks/26175 |
| 942 | _cEB | ||
| 999 |
_c255430 _d255430 |
||